Les plus grands empires - Statistiques

Statistiques générales
  • Ce quiz a été pris 377 fois
  • Le résultat moyen est 5 sur 10
Statistiques - réponses
Superficie Empire % Correct
32 500 000 km² L’Empire mongol
88%
13 500 000 km² Le Second Empire colonial français
82%
10 000 000 km² Premier Empire colonial français
82%
33 700 000 km² L’Empire britannique
78%
13 700 000 km² L’Empire espagnol
73%
22 800 000 km² L’Empire russe
68%
14 700 000 km² La Dynastie Qing
14%
11 000 000 km² Le Califat omeyyade
14%
11 000 000 km² Le Califat abbasside
10%
11 000 000 km² La Dynastie Yuan
8%
Aucun quiz correspondant
Distribution des résultats
% des personnes avec chaque résultat
Percentile par nombre de réponses
Votre historique - résultats
Vous n’avez pas pris ce quiz